000 00922nam a22002777a 4500
001 BR7503027
003 BR-BrBNA
005 20230928084759.0
007 ta
008 230509b bl.||||| |||| 00| 0 por d
040 _aBR-BrBNA
_bpor
_cBiblioteca Nacional de Agricultura
041 _a(Por)
072 _aE15; E30
_b/G514
090 _ E15 BR7503027
110 1 _aSubsecretaria de Planejamento e Orcamento, Brasilia, DF (Brasil);
110 1 _aPLANAVE - Escritorio Tecnico de Planejamento S.A., Rio de Janeiro, RJ (Brasil)
245 1 _aElaboracao de pesquisa socio-economica das cooperativas de produtores e de producao agricola [orcamento, Brasil]
_bv. 3 - Proposta de precos
260 3 _aBrasilia, DF (Brasil):
_c1975.
300 _a22 p.
650 _aCOOPERATIVA DE PRODUTORES
650 _aCUSTO
650 _aDESPESA
650 _aORCAMENTO
909 _a202309
_bLucia
_c55
_dLucia Elande
942 _cBK
999 _c21060
_d21060